| 000 | 01092nam a2200265 i 4500 | ||
|---|---|---|---|
| 001 | 73963 | ||
| 003 | BD-RjUL | ||
| 005 | 20211209082452.0 | ||
| 008 | 031217s2016 bg a b 100 0 eng | ||
| 020 |
_a9789843417718 _c$ 10.00 |
||
| 035 | _a(BD-RjUL)74181 | ||
| 040 |
_aDLC _beng _erda _cDLC _dBD-RjUL |
||
| 041 | _aeng | ||
| 082 |
_223 _a639.34 _bPOL 2016 |
||
| 111 | 2 |
_aSAC/BFRI/BAU Regional Expert Consultation on Policy Framing on Fish Biodiversity Management in Transboundary Rivers _d(2016 : _cMymensingh, Bangladesh), _jauthor. _9219576 |
|
| 245 | 1 | 0 |
_aPolicy framing on fish biodiversity management in transboundary rivers of South Asia / _cedited by Shiba Shankar Giri. |
| 260 |
_aDhaka : _bSAARC Agriculture Centre, _c2016 |
||
| 300 |
_avii, 164 pages : _billustrations ; _c24 cm |
||
| 504 | _aIncludes bibliographical references. | ||
| 650 | 0 |
_aFreshwater biodiversity conservation _zSouth Asia _vCongresses. _9219577 |
|
| 650 | 0 |
_xConservation _zSouth Asia _vCongresses. _9219578 |
|
| 700 | 1 |
_aGiri, Shiba Shankar, _eeditor. _9219579 |
|
| 942 |
_2ddc _cBK |
||
| 999 |
_c73963 _d73963 |
||